Statistics for Naismith Memorial Basketball Hall of Fame - Players

Click here to take the quiz!

General Stats

  • This quiz has been taken 241 times
    (28 since last reset)
  • The average score is 77 of 226

Answer Stats

YearPlayer% Correct
2009Michael Jordan
92%
2009David Robinson
88%
1998Larry Bird
88%
2002Magic Johnson
88%
1980Oscar Robertson
88%
1975Bill Russell
84%
2010Dennis Johnson
84%
2011Dennis Rodman
84%
2010Gus Johnson
84%
1964John Russell
84%
2010Karl Malone
84%
2020Kobe Bryant
84%
2001Moses Malone
84%
2010Scottie Pippen
84%
2016Shaquille O'Neal
84%
2020Tim Duncan
84%
1977William Johnson
84%
2008Hakeem Olajuwon
80%
2023Tony Parker
80%
1971Bob Cousy
76%
2004Clyde Drexler
76%
2023Dwyane Wade
76%
1984John Havlicek
76%
2009John Stockton
76%
1995Kareem Abdul-Jabbar
76%
2008Patrick Ewing
76%
2018Steve Nash
76%
2019Bobby Jones
72%
2023Dirk Nowitzki
72%
2013Gary Payton
72%
1989K.C. Jones
72%
2022Manu Ginobili
72%
2018Ray Allen
72%
1984Sam Jones
72%
1979Wilt Chamberlain
72%
2016Allen Iverson
68%
1993Bill Walton
68%
1971Bob Pettit
68%
2006Charles Barkley
68%
1995Cheryl Miller
68%
1977Elgin Baylor
68%
1993Julius Erving
68%
2020Kevin Garnett
68%
1999Kevin McHale
68%
2012Reggie Miller
68%
2003Robert Parish
68%
2021Chris Bosh
64%
2006Dominique Wilkins
64%
2000Isiah Thomas
64%
2003James Worthy
64%
2018Jason Kidd
64%
1989Lenny Wilkens
64%
2021Paul Pierce
64%
1987Pete Maravich
64%
1982Willis Reed
64%
2021Chris Webber
60%
1990Elvin Hayes
60%
2022Tim Hardaway
60%
1987Walt Frazier
60%
2014Alonzo Mourning
56%
2021Ben Wallace
56%
2015Dikembe Mutombo
56%
1980Jerry West
56%
2018Katie Smith
56%
2017Tracy McGrady
56%
2000Bob McAdoo
52%
1959George Mikan
52%
1988Wes Unseld
52%
2016Yao Ming
52%
1997Alex English
48%
2013Bernard King
48%
1991Dave Cowens
48%
1973Dolph Schayes
48%
2018Grant Hill
48%
2021Lauren Jackson
48%
2013Roger Brown
48%
2011Chris Mullin
44%
1996David Thompson
44%
2002Dražen Petrović
44%
1990Earl Monroe
44%
1996George Gervin
44%
1962John Thompson
44%
2023Pau Gasol
44%
2018Tina Thompson
44%
2008Adrian Dantley
40%
1990Dave Bing
40%
2015Jo Jo White
40%
1992Nera White
40%
1978Paul Arizin
40%
1987Rick Barry
40%
2021Toni Kukoč
40%
2011Artis Gilmore
36%
1976Bill Sharman
36%
1986Billy Cunningham
36%
1992Bob Lanier
36%
2019Chuck Cooper
36%
1983Dave DeBusschere
36%
1996Gail Goodrich
36%
2006Joe Dumars
36%
1990Nate Archibald
36%
2011Arvydas Sabonis
32%
1983Bill Bradley
32%
2012Chet Walker
32%
2014Mitch Richmond
32%
2012Ralph Sampson
32%
2019Sidney Moncrief
32%
1986Tom Heinsohn
32%
2019Vlade Divac
32%
1992Connie Hawkins
28%
2019Jack Sikma
28%
2012Jamaal Wilkes
28%
2018Maurice Cheeks
28%
1985Nate Thurmond
28%
1993Calvin Murphy
24%
1960Charles Murphy
24%
2018Charlie Scott
24%
1993Dan Issel
24%
1980Jerry Lucas
24%
1978Joe Fulks
24%
2015Lisa Leslie
24%
1990Neil Johnston
24%
2019Paul Westphal
24%
2016Sheryl Swoopes
24%
1982Slater Martin
24%
1997Bailey Howell
20%
2018Dino Rađa
20%
1974Ernest Schmidt
20%
1996George Yardley
20%
1983Jack Twyman
20%
2004Maurice Stokes
20%
2013Oscar Schmidt
20%
2013Richie Guerin
20%
2015Spencer Haywood
20%
2011Teresa Edwards
20%
1995Vern Mikkelsen
20%
1993Walt Bellamy
20%
2021Bob Dandridge
16%
1978Cliff Hagan
16%
1997Denise Curry
16%
1982Hal Greer
16%
1996Nancy Lieberman
16%
2021Pearl Moore
16%
1995Anne Donovan
12%
1998Arnie Risen
12%
2023Becky Hammon
12%
2019Carl Braun
12%
1994Carol Blazejowski
12%
1988Clyde Lovellette
12%
1993Dick McGuire
12%
1960Ed Macauley
12%
1982Frank Ramsey
12%
2014Guy Rodgers
12%
1978Jim Pollard
12%
1960John Wooden
12%
2022Lou Hudson
12%
2019Teresa Weatherspoon
12%
2021Yolanda Griffith
12%
2016Zelmo Beaty
12%
1985Al Cervi
8%
1987Bobby Wanzer
8%
1970Bob Davies
8%
1964Bud Foster
8%
2010Cynthia Cooper-Dyke
8%
2013Dawn Staley
8%
2021Fats Jenkins
8%
2017George McGinnis
8%
1991Harry Gallatin
8%
1997Joan Crawford
8%
1996Krešimir Ćosić
8%
2015Louie Dampier
8%
1992Lusia Harris-Stewart
8%
2012Mel Daniels
8%
2017Nikos Galis
8%
2014Šarūnas Marčiulionis
8%
1976Tom Gola
8%
1961Andy Phillip
4%
1993Ann Meyers
4%
1962Barney Sedran
4%
1961Bennie Borgmann
4%
1988Bobby McDermott
4%
1987Bob Houbregs
4%
1961Bob Kurland
4%
1960Branch McCracken
4%
1994Buddy Jeannette
4%
1961Chris Steinmetz
4%
1959Chuck Hyatt
4%
2016Cumberland Posey
4%
2003Dino Meneghin
4%
2004Dražen Dalipagić
4%
1969Dutch Dehnert
4%
1976Ed Krause
4%
1961Ed Wachter
4%
1961Forrest DeBernardi
4%
2011Goose Tatum
4%
1959Hank Luisetti
4%
2005Hortência de Fátima Marcari
4%
1962Jack McCracken
4%
1975Joe Brennan
4%
1966Joe Lapchick
4%
1973John Beckman
4%
2015John Isaacs
4%
1961John Roosma
4%
1959John Schommer
4%
2012Katrina McClain
4%
1977Lauren Gale
4%
2022Lindsay Whalen
4%
2004Lynette Woodard
4%
1998Marques Haynes
4%
1972Marty Friedman
4%
2014Nathaniel Clifton
4%
1964Nat Holman
4%
2018Ora Mae Washington
4%
1962Pat Page
4%
1972Paul Endacott
4%
2022Radivoj Korać
4%
1963Robert Gruenig
4%
1975Robert Vandivier
4%
1992Sergei Belov
4%
2022Swin Cash
4%
2020Tamika Catchings
4%
2022Theresa Shank-Grentz
4%
1981Tom Barlow
4%
2010Ubiratan Pereira Maciel
4%
1993Uļjana Semjonova
4%
1960Vic Hanson
4%
1989William Gates
4%

Score Distribution

Percentile by Number Answered

Percent of People with Each Score

Your Score History

You have not taken this quiz since the last reset